000 00329nam a2200145Ia 4500
008 230917s9999||||xx |||||||||||||| ||und||
040 _e148950
_aMAIN
041 _aEnglish
082 _a658 R18M
100 _aRao, P L
245 0 _aManagement Games
260 _aNew Delhi
_bEXCEL
_c2010
300 _a496p. p.
942 _cBK
999 _c150190
_d150190